Catálogo de los reales de a dos españoles / (Record no. 131738)

MARC details
000 -LEADER
campo de control de longitud fija 00488nam a2200157 4500
001 - NÚMERO DE CONTROL
campo de control 131738
003 - IDENTIFICADOR DE NÚMERO DE CONTROL
campo de control ES-MaACL
005 - FECHA Y HORA DE LA ÚLTIMA TRANSACCIÓN
campo de control 20230906194034.0
007 - CAMPO FIJO DE DESCRIPCIÓN FÍSICA--INFORMACIÓN GENERAL
campo de control de longitud fija t|
008 - DATOS DE LONGITUD FIJA--INFORMACIÓN GENERAL
campo de control de longitud fija 070214s1965 sp r ||||1| spa d
100 1# - ENTRADA PRINCIPAL--NOMBRE DE PERSONA
Nombre de persona Rodríguez Lorente, J. J.
9 (RLIN) 98621
245 10 - MENCIÓN DEL TÍTULO
Título Catálogo de los reales de a dos españoles /
Mención de responsabilidad, etc. J. J. Rodríguez Lorente.
260 ## - PUBLICACIÓN, DISTRIBUCIÓN, ETC.
Lugar de publicación, distribución, etc. Madrid :
Nombre del editor, distribuidor, etc. [s. n.],
Fecha de publicación, distribución, etc. 1965 (
Fabricante Tall. Gráf. Altamira)
300 ## - DESCRIPCIÓN FÍSICA
Extensión 217 p. :
Otras características físicas il. ;
Dimensiones 28 cm.
852 ## - LOCALIZACIÓN
Ubicación ES-MaACL
Número de control de estantería C-27529
Sublocalización o colección R.56644
Holdings
Estatus retirado Estado de pérdida Estado de daño No para préstamo Biblioteca de origen Biblioteca actual Ubicación en estantería Fecha de adquisición Fuente de adquisición Total de préstamos Signatura topográfica completa Código de barras Visto por última vez Precio de reemplazo Tipo de ítem Koha
        Biblioteca del Ateneo de Madrid Biblioteca del Ateneo de Madrid Depósito 2 17/01/2008     C-27529 1137146 23/02/2023 23/02/2023 Libro impreso